000 00598nam a2200229Ia 4500
003 OSt
005 20220928115633.0
006 a|||||r|||| 00| 0
007 ta
008 220927b |||||||| |||| 00| 0 eng d
024 _a57428
037 _cTextual
040 _aSDCL
_cSDCL
_beng
041 _2eng
_aeng
082 _aV495:24'N8, M3
100 _aHinton Harold C
_9374315
245 0 _aKorea under new leadership
260 _aLondon
_bPraeger
_c1983
300 _axi,282p
_ccm.
942 _hV495:24'N8, M3
_cTEXL
_2CC
999 _c760226
_d760226